[Event "ESTCC U50 2018"]
[Site "Walbrzych"]
[Date "2018.04.22"]
[Round "9"]
[White "Roth, Martin"]
[Black "Laszewicz, Pawel"]
[Result "0-1"]
[WhiteElo "2008"]
[BlackElo "2110"]
[Annotator "NA"]
[PlyCount "126"]
[EventDate "2018.??.??"]
[EventCountry "POL"]
[SourceTitle "playchess.com"]
[Source "ChessBase"]
[SourceQuality "1"]
[WhiteTeam "SUI"]
[BlackTeam "POL"]
[WhiteTeamCountry "GER"]
[BlackTeamCountry "POL"]
[TimeControl "40/5400+30:1800+30"]

1. e4 {[%emt 0:00:00]} e5 {[%emt 0:00:57]} 2. Nc3 {[%emt 0:00:11]} Nf6 {[%emt 0:00:08]} 3. g3 {[%emt 0:00:15]} Nc6 {[%emt 0:03:27]} 4. Bg2 {[%emt 0:00:10]} Bc5 {[%emt 0:00:26]} 5. d3 {[%emt 0:02:11]} O-O {[%emt 0:01:11]} 6. Be3 {[%emt 0:02:21] C26: Vienna Game: 2...Nf6, sidelines} (6. Nge2 Nd4 7. O-O d6 8. h3 c6 9. Na4 Nxe2+ 10. Qxe2 Bb4 11. f4 Qa5 12. Nc3 exf4 13. gxf4 Qh5 {1-0 (57) Pridorozhni,A (2563)-Maletin,P (2577) Khanty-Mansiysk 2015}) 6... Bxe3 {[%emt 0:05:18]} 7. fxe3 {[%emt 0:00:08]} d6 {[%emt 0:00:34]} 8. h3 $146 {[%emt 0:00:38]} ({Find the theoretical novelty and annotate with similar games:} 8. Qd2 Rb8 9. Nge2 b5 10. a3 a5 11. O-O b4 12. axb4 axb4 13. Nd5 Nxd5 14. exd5 {½-½ (41) Uritzky,M (2418)-Malachi,A (2218) Israel 2002}) 8... Be6 {[%emt 0:03:17]} 9. Nd5 {[%emt 0:01:43]} Bxd5 {[%emt 0:03:21]} 10. exd5 {[%emt 0:00:01]} Ne7 {[%emt 0:00:28]} 11. e4 {[%emt 0:04:11]} c6 {[%emt 0:01:14]} 12. dxc6 {[%emt 0:02:41]} bxc6 {[%emt 0:02:11]} 13. Ne2 {[%emt 0:00:14]} Qb6 {[%emt 0:05:28]} 14. Qd2 {[%emt 0:02:02]} Qxb2 {[%emt 0:11:55]} 15. O-O {[%emt 0:02:08]} Rab8 {[%emt 0:01:17]} 16. Kh2 {[%emt 0:09:26]} Ng6 {[%emt 0:07:37]} 17. Nc3 {[%emt 0:05:28]} Qa3 {[%emt 0:01:12]} 18. Rab1 {[%emt 0:00:34]} Rb6 {[%emt 0:04:05]} 19. Rb3 {[%emt 0:00:17]} Qa5 {[%emt 0:01:00]} 20. Qe1 {[%emt 0:07:07]} Rxb3 {[%emt 0:03:43]} 21. axb3 {[%emt 0:01:19]} Qc7 {[%emt 0:01:05]} 22. Na4 {[%emt 0:03:44]} c5 {[%emt 0:05:00]} 23. Qd2 {[%emt 0:01:48]} Rd8 {[%emt 0:03:31]} 24. Qc3 {[%emt 0:03:47]} Qe7 {[%emt 0:00:30]} 25. Bf3 {[%emt 0:02:01]} Nf8 {[%emt 0:01:38]} 26. Qa5 {[%emt 0:06:48]} Ne6 {[%emt 0:01:15]} 27. Nc3 {[%emt 0:07:10]} Nd4 {[%emt 0:03:27]} 28. Rf2 {[%emt 0:00:43]} g6 {[%emt 0:01:15]} 29. Nd1 {[%emt 0:10:29]} h5 {[%emt 0:01:33]} 30. Qd2 {[%emt 0:00:39]} Kg7 {[%emt 0:00:22]} 31. Ne3 {[%emt 0:02:07]} Qe6 {[%emt 0:04:13]} 32. h4 {[%emt 0:06:22]} Nxf3+ {[%emt 0:06:02]} 33. Rxf3 {[%emt 0:00:09]} Ng4+ {[%emt 0:00:24]} 34. Kg2 {[%emt 0:00:14]} Nxe3+ {[%emt 0:01:24]} 35. Qxe3 {[%emt 0:00:27]} Qe7 {[%emt 0:01:34]} 36. Rf1 {[%emt 0:00:39]} Rb8 {[%emt 0:02:11]} 37. Qf2 {[%emt 0:01:48]} Rb7 {[%emt 0:01:56]} 38. Qd2 {[%emt 0:00:36]} Rd7 {[%emt 0:00:48]} 39. Qf2 {[%emt 0:00:39]} d5 {[%emt 0:01:35]} 40. Qf3 {[%emt 0:00:00]} dxe4 {[%emt 0:00:46]} 41. dxe4 {[%emt 0:01:22]} Rd2+ 42. Rf2 Rd4 {[%emt 0:03:23]} 43. c3 {[%emt 0:02:41]} Rd7 {[%emt 0:00:55]} 44. Qe3 {[%emt 0:03:13]} Qd6 {[%emt 0:00:52]} 45. Qf3 {[%emt 0:07:54]} Rb7 {[%emt 0:02:16]} 46. Kh2 {[%emt 0:01:41]} f6 {[%emt 0:00:32]} 47. Ra2 {[%emt 0:01:37]} Qe6 {[%emt 0:00:38]} 48. c4 {[%emt 0:00:10]} Rd7 {[%emt 0:01:29]} 49. Kg2 {[%emt 0:01:02]} (49. Qe3 $17) 49... a6 {[%emt 0:00:47]} 50. Qe3 {[%emt 0:04:17]} Qc6 {[%emt 0:00:27]} 51. Kf2 {[%emt 0:03:21]} Rd4 {[%emt 0:00:31]} 52. Re2 {[%emt 0:02:25]} Qd6 {[%emt 0:00:42]} 53. Qf3 {[%emt 0:05:28]} Rd3 {[%emt 0:00:21]} 54. Re3 {[%emt 0:00:06]} Qd4 {[%emt 0:00:37]} 55. Ke2 {[%emt 0:00:09]} Qxe3+ {[%emt 0:06:29]} 56. Qxe3 {[%emt 0:00:07]} Rxe3+ {[%emt 0:00:11]} 57. Kxe3 {[%emt 0:00:03]} a5 {[%emt 0:00:15]} 58. Kf3 {[%emt 0:00:45]} f5 {[%emt 0:00:16]} 59. Ke3 {[%emt 0:00:15]} Kf6 {[%emt 0:00:37]} 60. Kf3 {[%emt 0:00:09]} Ke6 {[%emt 0:00:32]} 61. Ke3 $19 {[%emt 0:00:37]} Kd6 {[%emt 0:00:24]} 62. Kf3 {[%emt 0:00:13]} Kc6 {[%emt 0:00:20]} 63. Ke3 {[%emt 0:00:40]} Kb6 0-1

[Event "ESTCC U50 2018"]
[Site "Walbrzych"]
[Date "2018.04.22"]
[Round "9"]
[White "Czyz, Andrzej"]
[Black "Ruiz Bellon, Manuel"]
[Result "1-0"]
[WhiteElo "1999"]
[BlackElo "1861"]
[Annotator "NA"]
[PlyCount "93"]
[EventDate "2018.??.??"]
[EventCountry "POL"]
[SourceTitle "playchess.com"]
[Source "ChessBase"]
[SourceQuality "1"]
[WhiteTeam "Poland"]
[BlackTeam "Spain"]
[WhiteTeamCountry "POL"]
[BlackTeamCountry "ESP"]
[TimeControl "40/5400+30:1800+30"]

1. b4 {[%emt 0:00:36]} e5 {[%emt 0:00:41]} 2. Bb2 {[%emt 0:00:03]} e4 {[%emt 0:01:50]} 3. a3 {[%emt 0:00:59]} d5 {[%emt 0:00:07]} 4. d3 {[%emt 0:04:08]} exd3 {[%emt 0:01:16]} 5. exd3 {[%emt 0:01:20]} Nf6 {[%emt 0:00:11]} 6. Be2 {[%emt 0:01:09]} Bd6 {[%emt 0:01:10]} 7. Nf3 {[%emt 0:02:00]} O-O {[%emt 0:00:30]} 8. O-O {[%emt 0:00:16]} Bf5 {[%emt 0:03:04]} 9. Re1 {[%emt 0:03:50]} Nbd7 {[%emt 0:01:16]} 10. Nbd2 {[%emt 0:01:04]} c5 {[%emt 0:03:17]} 11. bxc5 {[%emt 0:03:25]} Bxc5 {[%emt 0:00:58]} 12. Nb3 {[%emt 0:01:51]} Bb6 {[%emt 0:00:46]} 13. Nfd4 {[%emt 0:00:40]} Bg6 {[%emt 0:01:16]} 14. a4 {[%emt 0:02:03]} a6 {[%emt 0:00:36]} 15. Bf3 {[%emt 0:07:25]} Qc7 {[%emt 0:07:44]} 16. Qd2 {[%emt 0:03:59]} Ne5 {[%emt 0:07:59]} 17. h3 {[%emt 0:12:55]} Rac8 {[%emt 0:02:29]} 18. Bd1 {[%emt 0:02:06]} Rfe8 {[%emt 0:09:35]} 19. Kh1 {[%emt 0:08:33]} Qd6 {[%emt 0:08:06]} 20. f4 {[%emt 0:08:42]} Ned7 {[%emt 0:01:57]} 21. Rxe8+ {[%emt 0:01:43]} Rxe8 {[%emt 0:00:03]} 22. Ba3 {[%emt 0:00:27]} Qc7 {[%emt 0:06:36]} 23. Bf3 {[%emt 0:01:22]} h5 {[%emt 0:02:53]} 24. Rf1 {[%emt 0:03:59]} h4 $11 {[%emt 0:02:34]} 25. Bd1 {[%emt 0:07:56]} Ba7 {[%emt 0:06:51]} 26. Qf2 {[%emt 0:04:53]} Qc3 {[%emt 0:05:13]} 27. Bc1 {[%emt 0:02:59]} Qb4 {[%emt 0:03:11]} 28. a5 {[%emt 0:00:17]} Bxd4 {[%emt 0:07:24]} 29. Qxd4 {[%emt 0:00:19]} Qxd4 {[%emt 0:01:54]} 30. Nxd4 {[%emt 0:00:01]} Nh5 {[%emt 0:00:38]} 31. Bxh5 {[%emt 0:01:55]} Bxh5 {[%emt 0:00:03]} 32. Bd2 {[%emt 0:00:22]} f6 {[%emt 0:03:39]} 33. f5 {[%emt 0:02:02]} Ne5 {[%emt 0:02:05]} 34. Rb1 {[%emt 0:01:00]} Nc6 {[%emt 0:00:55]} 35. Ne6 {[%emt 0:02:58]} Re7 {[%emt 0:00:03]} 36. Nc5 {[%emt 0:01:09]} Re2 {[%emt 0:00:41]} 37. Nb3 {[%emt 0:00:42]} Rf2 {[%emt 0:02:59]} 38. Kg1 {[%emt 0:00:20]} Rxf5 {[%emt 0:00:26]} 39. d4 {[%emt 0:00:20]} Be2 {[%emt 0:01:10]} 40. Bc3 {[%emt 0:00:00]} Bb5 {[%emt 0:00:45]} 41. Nc5 {[%emt 0:03:24]} Nd8 {[%emt 0:02:08]} 42. Nxb7 {[%emt 0:01:50]} Nxb7 {[%emt 0:00:27]} 43. Rxb5 {[%emt 0:00:08]} axb5 {[%emt 0:03:44]} 44. a6 {[%emt 0:00:03]} Nd6 {[%emt 0:00:18]} 45. a7 {[%emt 0:00:06]} Ne4 {[%emt 0:00:11]} 46. a8=Q+ {[%emt 0:00:28]} Kh7 {[%emt 0:00:10]} 47. Be1 {[%emt 0:00:17]} 1-0

[Event "ESTCC U50 2018"]
[Site "Walbrzych"]
[Date "2018.04.22"]
[Round "9"]
[White "Sihvonen, Tero"]
[Black "Van de Wynkele, Herman"]
[Result "0-1"]
[WhiteElo "1988"]
[BlackElo "2048"]
[Annotator "NA"]
[PlyCount "106"]
[EventDate "2018.??.??"]
[EventCountry "POL"]
[SourceTitle "playchess.com"]
[Source "ChessBase"]
[SourceQuality "1"]
[WhiteTeam "Finland"]
[BlackTeam "Belgium"]
[WhiteTeamCountry "FIN"]
[BlackTeamCountry "BEL"]
[TimeControl "40/5400+30:1800+30"]

1. e4 {[%emt 0:00:00]} c5 {[%emt 0:00:04]} 2. Nf3 {[%emt 0:00:00]} d6 {[%emt 0:00:20]} 3. Bb5+ {[%emt 0:00:00]} Bd7 {[%emt 0:00:11]} 4. a4 {[%emt 0:00:17]} Nc6 {[%emt 0:02:19]} 5. c3 {[%emt 0:00:57] B52: Sicilian: Moscow Variation with 3...Bd7} (5. O-O g6 6. c3 Nf6 7. d4 cxd4 8. cxd4 Bg7 9. Nc3 O-O 10. h3 a6 11. Bc4 Rc8 12. Re1 Ne8 13. Bb3 Na5 {1-0 (66) Caruana,F (2799)-Nepomniachtchi,I (2729) London 2017}) 5... Nf6 {[%emt 0:00:12]} 6. Bd3 {[%emt 0:01:19]} g6 $146 {[%emt 0:00:23]} ({Predecessor:} 6... Bg4 7. Bc2 Ne5 8. d4 Nxf3+ 9. gxf3 Bh5 10. a5 e6 11. Ba4+ Nd7 12. dxc5 dxc5 {0-1 (34) Grosse,M (1983)-Jacobsen,T (1641) Graz 2014}) 7. O-O {[%emt 0:00:20]} Bg7 {[%emt 0:00:03]} 8. Bc2 {[%emt 0:00:39]} O-O {[%emt 0:01:41]} 9. d4 {[%emt 0:02:53]} cxd4 {[%emt 0:07:00]} 10. Nxd4 {[%emt 0:01:23]} d5 {[%emt 0:01:26]} 11. exd5 {[%emt 0:03:40]} Nxd5 {[%emt 0:00:18]} 12. Ne2 {[%emt 0:00:12]} Be6 {[%emt 0:06:46]} 13. Na3 {[%emt 0:03:20]} f5 {[%emt 0:06:59]} 14. Nb5 {[%emt 0:01:15]} Bf7 {[%emt 0:00:37]} 15. Nf4 {[%emt 0:10:19]} a6 {[%emt 0:12:49]} 16. Na3 {[%emt 0:02:30]} Nxf4 {[%emt 0:04:22]} 17. Bxf4 {[%emt 0:00:20]} e5 {[%emt 0:00:11]} 18. Qxd8 {[%emt 0:05:27]} Rfxd8 {[%emt 0:00:35]} 19. Bg5 {[%emt 0:00:16]} Re8 {[%emt 0:01:31]} 20. Rad1 {[%emt 0:00:51]} Be6 {[%emt 0:06:22]} 21. Rd6 {[%emt 0:01:25]} h6 {[%emt 0:01:36]} 22. Be3 {[%emt 0:01:24]} Bf8 {[%emt 0:04:44]} 23. Rxe6 {[%emt 0:00:44]} Rxe6 {[%emt 0:00:07]} 24. Bb3 {[%emt 0:00:21]} Rae8 {[%emt 0:01:55]} 25. Rd1 {[%emt 0:12:01]} f4 {[%emt 0:05:52]} 26. Bb6 {[%emt 0:00:33]} Bxa3 {[%emt 0:00:42]} 27. bxa3 {[%emt 0:00:14]} Kf7 {[%emt 0:00:09]} 28. Rd7+ {[%emt 0:00:15]} R8e7 {[%emt 0:00:22]} 29. Rd1 {[%emt 0:03:45]} Ke8 {[%emt 0:00:31]} 30. Bxe6 {[%emt 0:03:43]} Rxe6 {[%emt 0:00:11]} 31. f3 {[%emt 0:00:41]} g5 {[%emt 0:07:16]} 32. Kf2 {[%emt 0:03:40]} h5 {[%emt 0:01:18]} 33. h3 $11 {[%emt 0:00:30]} Rg6 {[%emt 0:09:21]} 34. a5 {[%emt 0:00:31]} g4 {[%emt 0:00:36]} 35. hxg4 {[%emt 0:00:13]} hxg4 {[%emt 0:00:07]} 36. Rh1 {[%emt 0:01:23]} gxf3 {[%emt 0:01:27]} 37. gxf3 {[%emt 0:00:31]} Rg7 {[%emt 0:00:10]} 38. Rh2 {[%emt 0:03:07]} Rd7 {[%emt 0:02:35]} 39. Ke2 {[%emt 0:00:57]} Kf7 {[%emt 0:00:16]} 40. Rh7+ {[%emt 0:00:00]} Ke6 {[%emt 0:00:07]} 41. Rh6+ {[%emt 0:10:22]} Kf5 {[%emt 0:00:35]} 42. Rh5+ {[%emt 0:01:18]} Kg6 {[%emt 0:00:46]} 43. Rh8 {[%emt 0:00:22]} Ne7 {[%emt 0:01:44]} 44. Rd8 {[%emt 0:04:03]} Rxd8 {[%emt 0:02:51]} 45. Bxd8 {[%emt 0:00:14]} Nd5 {[%emt 0:03:03]} 46. Kd3 {[%emt 0:01:11]} Kf5 {[%emt 0:02:01]} 47. a4 {[%emt 0:07:47]} Ne3 {[%emt 0:00:47]} 48. Bb6 {[%emt 0:04:38]} Nd5 {[%emt 0:00:18]} 49. Kd2 {[%emt 0:00:40]} Nxb6 {[%emt 0:00:25]} 50. axb6 {[%emt 0:00:12]} e4 {[%emt 0:00:01]} 51. fxe4+ {[%emt 0:01:46]} Kxe4 {[%emt 0:00:10]} 52. Ke2 {[%emt 0:00:06]} a5 {[%emt 0:00:26]} 53. Kf2 {[%emt 0:00:15]} Kd3 {[%emt 0:00:56]} 0-1

[Event "ESTCC U50 2018"]
[Site "Walbrzych"]
[Date "2018.04.22"]
[Round "9"]
[White "Pietinen, Pekka"]
[Black "Grabuzova, Tatiana"]
[Result "0-1"]
[WhiteElo "1983"]
[BlackElo "2311"]
[Annotator "NA"]
[PlyCount "43"]
[EventDate "2018.??.??"]
[EventCountry "POL"]
[SourceTitle "playchess.com"]
[Source "ChessBase"]
[SourceQuality "1"]
[WhiteTeam "Finland"]
[BlackTeam "Russia"]
[WhiteTeamCountry "FIN"]
[BlackTeamCountry "RUS"]
[TimeControl "40/5400+30:1800+30"]

{[%evp 13,38,4,32767,14,32767,13,26,4,32767,32767,32767,32767,32767,-26,0,0,32767,-19,25,35,70,58,93,72,118,13,144]} 1. d4 {[%emt 0:00:57]} e6 {[%emt 0:00:12]} 2. Bf4 {[%emt 0:01:02]} f5 {[%emt 0:02:32]} 3. Nf3 {[%emt 0:03:28]} Nf6 {[%emt 0:00:18]} 4. e3 {[%emt 0:00:29]} b6 {[%emt 0:01:31]} 5. Be2 {[%emt 0:02:18]} Bb7 {[%emt 0:01:49]} 6. h3 {[%emt 0:02:14] A80: Dutch Defence: Unusual White second moves} (6. O-O Be7 7. h3 O-O 8. c4 Ne4 9. Nfd2 Nxd2 10. Nxd2 d6 11. Bf3 Bxf3 12. Nxf3 Nd7 13. Qa4 a5 {½-½ (30) Shankland,S (2656)-Ivanchuk,V (2733) Edmonton 2015}) 6... g6 {[%emt 0:04:47]} 7. O-O {[%emt 0:03:58]} Bg7 {[%emt 0:00:17]} 8. c4 {[%emt 0:05:38]} O-O {[%emt 0:01:08]} 9. Nc3 {[%emt 0:00:12]} d6 $146 {[%emt 0:03:58]} ({Find the theoretical novelty and annotate with similar games:} 9... Ne4 10. Rc1 d6 11. Bh2 Nxc3 12. Rxc3 Nd7 13. b4 a5 {1-0 (52) Lakdawala,C (2438)-Yee,K (2293) Los Angeles 1999}) 10. a4 {[%emt 0:04:43]} Ne4 {[%emt 0:25:21]} 11. Bh2 {[%emt 0:09:36]} Nxc3 {[%emt 0:03:45]} 12. bxc3 {[%emt 0:00:04]} Qe7 {[%emt 0:07:55]} 13. Nd2 {[%emt 0:06:07]} e5 {[%emt 0:03:22]} 14. a5 {[%emt 0:04:39]} Nd7 {[%emt 0:06:17]} 15. Nb3 {[%emt 0:05:01]} a6 {[%emt 0:05:11]} 16. Bf3 {[%emt 0:04:38]} e4 {[%emt 0:00:12]} 17. Be2 {[%emt 0:00:02]} g5 {[%emt 0:05:05]} 18. Qd2 {[%emt 0:01:12]} Bh6 {[%emt 0:01:27]} 19. c5 {[%emt 0:06:45]} ({White should try} 19. axb6 $16 cxb6 20. Rfb1) 19... dxc5 $16 {[%emt 0:08:34]} ({Black should play} 19... bxc5 $11 20. dxc5 Nxc5) 20. Bxc7 {[%emt 0:03:14]} b5 {[%emt 0:00:25]} 21. Nxc5 {[%emt 0:02:45]} Nxc5 {[%emt 0:00:19]} 22. dxc5 0-1

[Event "ESTCC U50 2018"]
[Site "Walbrzych"]
[Date "2018.04.22"]
[Round "9"]
[White "Giulian, Rosemary A"]
[Black "Mariotti, Sergio"]
[Result "1/2-1/2"]
[WhiteElo "1880"]
[BlackElo "2288"]
[Annotator "ChessBase"]
[PlyCount "78"]
[EventDate "2018.??.??"]
[EventCountry "POL"]
[SourceTitle "playchess.com"]
[Source "ChessBase"]
[SourceQuality "1"]
[WhiteTeam "Scotland"]
[BlackTeam "Italy"]
[WhiteTeamCountry "SCO"]
[BlackTeamCountry "ITA"]
[TimeControl "40/5400+30:1800+30"]

1. e4 {[%emt 0:00:00]} c5 {[%emt 0:00:06]} 2. c3 {[%emt 0:00:00]} Nf6 {[%emt 0:00:03]} 3. e5 {[%emt 0:00:00]} Nd5 {[%emt 0:00:01]} 4. d4 {[%emt 0:00:00]} cxd4 {[%emt 0:00:07]} 5. cxd4 {[%emt 0:00:22]} d6 {[%emt 0:00:09]} 6. Nf3 {[%emt 0:00:08]} Nc6 {[%emt 0:00:04]} 7. Bc4 {[%emt 0:01:41]} Nb6 {[%emt 0:00:12]} 8. Bb3 {[%emt 0:00:23]} d5 {[%emt 0:06:04]} 9. O-O {[%emt 0:04:55]} Bg4 {[%emt 0:00:27]} 10. Be3 {[%emt 0:00:40]} e6 {[%emt 0:00:08]} 11. a3 {[%emt 0:06:30]} Be7 {[%emt 0:01:49]} 12. Nbd2 {[%emt 0:01:20]} Bf5 {[%emt 0:02:59]} 13. Bc2 {[%emt 0:01:31]} Bxc2 {[%emt 0:00:10]} 14. Qxc2 {[%emt 0:00:09]} Rc8 {[%emt 0:03:29]} 15. Qd3 {[%emt 0:02:07]} O-O {[%emt 0:00:06]} 16. Rac1 {[%emt 0:04:50]} h6 {[%emt 0:11:22]} 17. Rc2 {[%emt 0:15:47]} Qd7 {[%emt 0:00:41]} 18. Rfc1 {[%emt 0:02:05]} Na5 {[%emt 0:00:44]} 19. Rxc8 {[%emt 0:11:52]} Rxc8 {[%emt 0:00:15]} 20. Rxc8+ {[%emt 0:00:18]} Qxc8 {[%emt 0:00:07]} 21. Qb5 {[%emt 0:06:18]} Nac4 {[%emt 0:00:49]} 22. h3 {[%emt 0:02:27]} a6 {[%emt 0:01:54]} 23. Qb3 {[%emt 0:00:47]} Qc6 {[%emt 0:00:52]} 24. Nxc4 {[%emt 0:04:56]} dxc4 {[%emt 0:00:24]} 25. Qc2 {[%emt 0:01:08]} Nd5 {[%emt 0:00:05]} 26. Nd2 {[%emt 0:02:16]} c3 {[%emt 0:13:36]} 27. Nb1 {[%emt 0:03:06]} cxb2 {[%emt 0:00:18]} 28. Qxb2 {[%emt 0:00:20]} b5 {[%emt 0:00:19]} 29. Bd2 {[%emt 0:02:27]} Qc4 {[%emt 0:00:45]} 30. g3 {[%emt 0:06:41]} f6 {[%emt 0:01:59]} 31. exf6 {[%emt 0:08:07]} Bxf6 32. Be3 Qd3 {[%emt 0:03:42]} 33. Qc1 {[%emt 0:00:48]} Kh7 {[%emt 0:00:37]} 34. Qf1 {[%emt 0:01:52]} Qc2 {[%emt 0:00:28]} 35. Qe1 {[%emt 0:02:40]} a5 {[%emt 0:41:38]} 36. Nd2 {[%emt 0:02:20]} Nc3 {[%emt 0:00:14]} 37. Nf3 {[%emt 0:02:20]} a4 {[%emt 0:07:11]} 38. Bd2 {[%emt 0:00:32]} Ne4 {[%emt 0:00:07]} 39. Bb4 {[%emt 0:01:03]} Kg6 {[%emt 0:00:20]} 1/2-1/2

[Event "ESTCC U50 2018"]
[Site "Walbrzych"]
[Date "2018.04.22"]
[Round "9"]
[White "Jones, Gareth"]
[Black "Nuenchert, Eveline"]
[Result "1/2-1/2"]
[WhiteElo "1858"]
[BlackElo "2033"]
[Annotator "NA"]
[PlyCount "31"]
[EventDate "2018.??.??"]
[EventCountry "POL"]
[SourceTitle "playchess.com"]
[Source "ChessBase"]
[SourceQuality "1"]
[WhiteTeam "England"]
[BlackTeam "Germany"]
[WhiteTeamCountry "ENG"]
[BlackTeamCountry "GER"]
[TimeControl "40/5400+30:1800+30"]

1. Nf3 {[%emt 0:00:00]} Nf6 {[%emt 0:00:30]} 2. g3 {[%emt 0:00:00]} d6 {[%emt 0:00:20]} 3. d4 {[%emt 0:00:24]} Nbd7 {[%emt 0:00:26]} 4. Bg2 {[%emt 0:00:39]} e5 {[%emt 0:00:31]} 5. dxe5 {[%emt 0:01:06]} dxe5 {[%emt 0:00:11]} 6. O-O {[%emt 0:00:58]} c6 {[%emt 0:01:08]} 7. c4 {[%emt 0:01:12]} Be7 {[%emt 0:01:54]} 8. Nc3 {[%emt 0:01:17]} O-O {[%emt 0:00:35]} 9. Qc2 {[%emt 0:01:08]} Qc7 {[%emt 0:02:17]} 10. b3 {[%emt 0:04:11]} Re8 {[%emt 0:05:00]} 11. Bb2 {[%emt 0:07:07]} a5 {[%emt 0:10:49] LiveBook: 4 Games} 12. Na4 {[%emt 0:06:28]} b6 {[%emt 0:06:02]} 13. Nxe5 $2 {[%emt 0:18:10]} ({White should play} 13. e3 $11) 13... Nxe5 {[%emt 0:01:29]} 14. Bxe5 $19 {[%emt 0:00:23]} Qxe5 {[%emt 0:00:43]} 15. Bxc6 {[%emt 0:00:34]} Bh3 {[%emt 0:03:58]} 16. Rfd1 {[%emt 0:05:26]} 1/2-1/2

[Event "ESTCC U50 2018"]
[Site "Walbrzych"]
[Date "2018.04.22"]
[Round "9"]
[White "Sidler, Samuel"]
[Black "Daleczko, Zbigniew"]
[Result "1-0"]
[WhiteElo "1833"]
[BlackElo "1835"]
[Annotator "NA"]
[PlyCount "61"]
[EventDate "2018.??.??"]
[EventCountry "POL"]
[SourceTitle "playchess.com"]
[Source "ChessBase"]
[SourceQuality "1"]
[WhiteTeam "Switzerland"]
[BlackTeam "Poland"]
[WhiteTeamCountry "SUI"]
[BlackTeamCountry "POL"]
[TimeControl "40/5400+30:1800+30"]

1. e4 c5 2. d4 {[%emt 0:00:27]} cxd4 {[%emt 0:00:36]} 3. c3 {[%emt 0:00:06]} dxc3 {[%emt 0:00:09]} 4. Nxc3 {[%emt 0:00:17]} Nc6 {[%emt 0:00:14]} 5. Nf3 {[%emt 0:00:13]} d6 {[%emt 0:00:09]} 6. Bc4 {[%emt 0:00:31]} e6 {[%emt 0:00:09]} 7. O-O {[%emt 0:00:44]} Be7 {[%emt 0:00:10]} 8. Qe2 {[%emt 0:00:38]} Nf6 {[%emt 0:04:41]} 9. Rd1 {[%emt 0:02:37]} O-O {[%emt 0:02:05] B21: Sicilian: 2 f4 and Morra Gambit} (9... e5 10. Be3 O-O 11. Rac1 Be6 12. b4 Bg4 13. b5 Na5 14. Bd5 Qd7 15. h3 Bh5 16. a4 Rfc8 17. Ba2 b6 18. Nd5 Nxd5 19. Bxd5 Rxc1 20. Bxc1 Rd8 21. Ba3 {½-½ (21) Grigoryev,V (2503)-Voll,A (2556) ICCF email 2011}) 10. Bf4 {[%emt 0:05:26]} Nh5 {[%emt 0:01:24]} 11. Bxd6 {[%emt 0:13:22]} Bxd6 {[%emt 0:00:13]} 12. e5 {[%emt 0:00:10]} Nf4 {[%emt 0:06:35]} 13. Qe4 {[%emt 0:07:31] [#]} Ng6 {[%emt 0:04:45]} (13... Nxe5 $1 $11 14. Nxe5 f6) 14. Rxd6 {[%emt 0:06:50]} Qa5 $146 {[%emt 0:05:45]} ({Predecessor:} 14... Qc7 15. Rad1 Na5 16. Bb3 Bd7 17. h4 Bc6 18. Rxc6 Qxc6 19. Qg4 Qc7 20. Qe4 Rfd8 21. h5 Rxd1+ {0-1 (21) Benez,L (1883)-Carneiro,C (1810) Maringa 2011}) 15. Re1 {[%emt 0:03:49]} Qc5 {[%emt 0:05:02]} 16. Rdd1 {[%emt 0:12:51]} Ncxe5 {[%emt 0:03:38]} 17. Nxe5 {[%emt 0:06:38]} Nxe5 {[%emt 0:00:05]} 18. Bb3 {[%emt 0:00:40]} Nc6 {[%emt 0:01:48]} 19. Re3 {[%emt 0:13:34]} Qb4 {[%emt 0:11:45]} 20. Qf3 $11 {[%emt 0:02:32]} Nd4 {[%emt 0:00:29]} 21. Qf4 {[%emt 0:05:58]} Nc6 {[%emt 0:00:59]} 22. Re4 {[%emt 0:01:17]} Qc5 {[%emt 0:01:52]} 23. Qg3 {[%emt 0:02:49]} Ne7 {[%emt 0:00:32]} 24. Re5 {[%emt 0:01:20]} Qc7 {[%emt 0:03:12]} 25. Nb5 {[%emt 0:00:12]} Qb8 {[%emt 0:00:15]} 26. Nd6 {[%emt 0:01:41]} Nf5 {[%emt 0:07:55]} 27. Nxf5 {[%emt 0:02:58]} exf5 {[%emt 0:00:05]} 28. Qe3 {[%emt 0:00:15]} Qc7 {[%emt 0:02:16]} 29. Re7 {[%emt 0:01:02]} Qa5 {[%emt 0:04:04]} 30. Rxf7 {[%emt 0:01:02]} h6 {[%emt 0:02:10]} 31. Rxf5+ {[%emt 0:00:46]} 1-0

[Event "ESTCC U50 2018"]
[Site "Walbrzych"]
[Date "2018.04.22"]
[Round "9"]
[White "Webster, Jim J"]
[Black "Bruno, Fabio"]
[Result "0-1"]
[WhiteElo "1769"]
[BlackElo "2439"]
[Annotator "TA"]
[PlyCount "58"]
[EventDate "2018.??.??"]
[EventCountry "POL"]
[SourceTitle "playchess.com"]
[Source "ChessBase"]
[SourceQuality "1"]
[WhiteTeam "Scotland"]
[BlackTeam "Italy"]
[WhiteTeamCountry "SCO"]
[BlackTeamCountry "ITA"]

{[%evp 15,58,-17,-13,-20,-14,-13,-14,-12,-8,-12,-10,-10,0,-14,-4,-4,0,0,0,-81,-22,-20,-22,-54,-46,-57,-37,-94,-70,-88,-80,-117,-120,-131,-138,-160,-162,-262,-211,-202,-179,-204,-168,-583,-570]} 1. d4 Nf6 2. c4 e6 3. Nc3 Bb4 4. Qc2 b6 5. a3 Bxc3+ 6. Qxc3 Bb7 7. Bg5 d6 {E32: Nimzo-Indian: Classical (4 Qc2): 4...0-0} 8. Nf3 Nbd7 {LiveBook: 16 Games} 9. g3 (9. e3 O-O 10. Nd2 c5 11. dxc5 bxc5 12. Bd3 h6 13. Bh4 a5 14. O-O Qb6 15. e4 d5 16. cxd5 exd5 17. Rfe1 dxe4 18. Nxe4 Nxe4 19. Bxe4 Bxe4 20. Rxe4 {½-½ (51) Mamedyarov,S (2736)-Korobov,A (2700) Skopje 2015}) 9... a5 {The position is equal.} 10. Bg2 a4 11. O-O Ra5 $146 ({Predecessor:} 11... O-O 12. Nd2 Bxg2 13. Kxg2 {½-½ (44) Aksiuczyc,M (2198)-Chytilek,R (2397) Olomouc 1999}) 12. Rfd1 Qa8 {White must now prevent ...Ne4.} 13. Bxf6 Nxf6 14. Ne1 Bxg2 15. Nxg2 O-O 16. f3 e5 17. d5 (17. e4 $11 {remains equal.}) 17... Qc8 ({Better is} 17... Rc5 $17) 18. Rac1 $11 Qh3 19. Qe1 Nd7 20. Qf1 Qh6 21. f4 (21. e4 $15) 21... Raa8 {[%cal Ba5a8,Ba8e8,Be8e7,Be7e4][%mdl 32]} 22. Rc3 exf4 23. Nxf4 Rae8 24. Qg2 Re7 25. Qf2 Rfe8 26. g4 (26. h4 $142) 26... Re4 27. Rf1 Nf6 28. Rg3 R4e5 {[#] Strongly threatening ...Ne4.} 29. e3 $2 (29. Rg2 {is tougher.} Ne4 30. Qe1) 29... Ne4 $1 {[%csl LRf2,LRg3] Precision: White = 45%, Black = 78%.} 0-1